00373nam a22000977a 4500008004100000020001500041082001800056245009900074260009200173300001000265230605b xxu||||| |||| 00| 0 eng d a9966767096 a330.6762bGOK aEconomic Survey 2007cKenya Bureau Of Statistics Ministry of Planning And National Development aNairobibKenya Bureau Of Statistics Ministry of Planning And National Developmentc2007 a284 p